书目信息 |
| 题名: |
摄影小诀窍
|
|
| 作者: | 杭志忠 著 | |
| 分册: | ||
| 出版信息: | 杭州 浙江摄影出版社 1990 |
|
| 页数: | 108页 | |
| 开本: | 19cm | |
| 丛书名: | 跟我学摄影 | |
| 单 册: | ||
| 中图分类: | J41-51 | |
| 科图分类: | ||
| 主题词: | 摄影技术 | |
| 电子资源: | ||
| ISBN: | 7-80536-089-8 | |
| 000 | 00632nam2 2200229 45 | |
| 001 | 0198018407 | |
| 005 | 20060525173508.46 | |
| 010 | @a7-80536-089-8@dCNY1.98 | |
| 100 | @a19980331d1990 em y0chiy0121 ea | |
| 101 | 0 | @achi |
| 102 | @aCN@b330000 | |
| 105 | @af z 000yy | |
| 200 | 10 | @a摄影小诀窍@Ashe ying xiao jue qiao@f杭志忠著@Fhang zhi zhong zhu |
| 210 | @a杭州@c浙江摄影出版社@d1990 | |
| 215 | @a108页@c照片@d19cm | |
| 225 | 2 | @a跟我学摄影 |
| 410 | 0 | @120010@a跟我学摄影 |
| 606 | @a摄影技术 | |
| 690 | @aJ41-51@v3 | |
| 701 | 0 | @a杭志忠@Ahang zhi zhong@4著 |
| 801 | 0 | @aCN@bTSSF@c20060525 |
| 905 | @a10447@dJ41-51@e81:3 | |
| 摄影小诀窍/杭志忠著.-杭州:浙江摄影出版社,1990 |
| 108页:照片;19cm.-(跟我学摄影) |
| ISBN 7-80536-089-8:CNY1.98 |
| ● |
| 相关链接 |
|
|
|
|
正题名:摄影小诀窍
索取号:J41-51/81:3
 
预约/预借
| 序号 | 登录号 | 条形码 | 馆藏地/架位号 | 状态 | 备注 |
| 1 | 0258389 | 202387005 | 密集书库/ [索取号:J41-51/81:3] | 在馆 |